Electricidad médica en clientela (Record no. 87788)

MARC details
000 -LEADER
campo de control de longitud fija 00537nam a2200157 i 4500
001 - NÚMERO DE CONTROL
campo de control 87788
003 - IDENTIFICADOR DE NÚMERO DE CONTROL
campo de control ES-MaACL
007 - CAMPO FIJO DE DESCRIPCIÓN FÍSICA--INFORMACIÓN GENERAL
campo de control de longitud fija t|
008 - DATOS DE LONGITUD FIJA--INFORMACIÓN GENERAL
campo de control de longitud fija 041223s1920 sp ||||1| spa d
100 1# - ENTRADA PRINCIPAL--NOMBRE DE PERSONA
Nombre de persona Laborderie, J.
9 (RLIN) 69252
245 10 - MENCIÓN DEL TÍTULO
Título Electricidad médica en clientela
Resto del título : "indispensable en electroterapia" /
Mención de responsabilidad, etc. por J. Laborderie ; traducción y notas por J.B. Comas Camps.
260 ## - PUBLICACIÓN, DISTRIBUCIÓN, ETC.
Lugar de publicación, distribución, etc. Valencia :
Nombre del editor, distribuidor, etc. Pubul,
Fecha de publicación, distribución, etc. 1920 (
Fabricante Miguel Gimeno)
300 ## - DESCRIPCIÓN FÍSICA
Extensión III, 408 p. :
Otras características físicas il. ;
Dimensiones 19 cm.
700 1# - ENTRADA AGREGADA--NOMBRE PERSONAL
Nombre de persona Comas Camps, J. B.
9 (RLIN) 39942
852 ## - LOCALIZACIÓN
Ubicación ES-MaACL
Número de control de estantería B-9048
Holdings
Estatus retirado Estado de pérdida Estado de daño No para préstamo Biblioteca de origen Biblioteca actual Ubicación en estantería Fecha de adquisición Fuente de adquisición Total de préstamos Signatura topográfica completa Código de barras Visto por última vez Precio de reemplazo Tipo de ítem Koha
        Biblioteca del Ateneo de Madrid Biblioteca del Ateneo de Madrid Sala Pardo Bazán 17/01/2008     B-9048 1091708 23/02/2023 23/02/2023 Libro impreso